[Event "Rostock op"]
[Site "Rostock"]
[Date "2008.08.28"]
[Round "2"]
[White "Joehn, Justin"]
[Black "Doering, Manfred"]
[Result "1-0"]
[WhiteElo "1635"]
[BlackElo "1286"]
[PlyCount "69"]
[EventDate "2008.08.28"]
[EventType "swiss"]
[EventRounds "7"]
[EventCountry "GER"]
[SourceTitle "CBM 126 Extra"]
[Source "ChessBase"]
[SourceDate "2008.11.05"]
[SourceVersion "1"]
[SourceVersionDate "2008.11.05"]
[SourceQuality "1"]

1. Nf3 d6 2. d4 c6 3. e3 e6 4. b3 Be7 5. Bb2 Bf6 6. c4 Ne7 7. Be2 0-0 8. 0-0 Nd7 9. Nc3 d5 10. cxd5 Nxd5 11. Rc1 Nxc3 12. Rxc3 Re8 13. Rc2 Nf8 14. e4 Bd7 15. e5 Be7 16. Nd2 Rc8 17. f4 b5 18. Ne4 Qb6 19. Qc1 Rc7 20. Kh1 Rec8 21. Nc5 Be8 22. f5 Bxc5 23. dxc5 Qb8 24. f6 Ng6 25. Rf3 Rd7 26. Qe3 Rcd8 27. Rc1 Rd5 28. Rh3 Nf8 29. fxg7 Kxg7 30. Rf1 Qc7 31. Qg5+ Kh8 32. Qf6+ Kg8 33. Bf3 Rd2 34. Bc1 R2d3 35. Bh6 1-0

[Event "Mecklenburg VP-ch"]
[Site "Nakenstorf"]
[Date "2008.03.24"]
[Round "9.18"]
[White "Doering, Manfred"]
[Black "Hartmann, Andreas"]
[Result "1-0"]
[WhiteElo "1322"]
[BlackElo "1190"]
[PlyCount "71"]
[EventDate "2008.03.20"]
[EventType "swiss"]
[EventRounds "9"]
[EventCountry "GER"]
[SourceTitle "EXT 2022"]
[Source "ChessBase"]
[SourceDate "2021.10.06"]
[SourceVersion "1"]
[SourceVersionDate "2021.10.06"]
[SourceQuality "1"]

1. e4 d6 2. d4 e6 3. Nf3 g6 4. c3 Bg7 5. Be3 Nd7 6. Bd3 e5 7. d5 Ngf6 8. h3 0-0 9. Qd2 Re8 10. Bg5 c6 11. c4 a6 12. Na3 cxd5 13. cxd5 Nc5 14. Nc4 Qc7 15. Rc1 Ncxe4 16. Bxe4 Nxe4 17. Qc2 f5 18. 0-0 b5 19. Ne3 Qxc2 20. Rxc2 Nxg5 21. Nxg5 Bh6 22. h4 Bb7 23. Rc7 Bxg5 24. hxg5 Rab8 25. g3 f4 26. Ng4 Kf8 27. Nf6 Rec8 28. Rxh7 Ba8 29. gxf4 exf4 30. Re1 Rb7 31. Rh8+ Kf7 32. Rxc8 Ra7 33. Ree8 f3 34. Rxa8 Rc7 35. Rac8 Ra7 36. Rh8 1-0

[Event "Mecklenburg VP-ch"]
[Site "Nakenstorf"]
[Date "2008.03.21"]
[Round "3"]
[White "Doering, Manfred"]
[Black "Paetzke, Bernd"]
[Result "0-1"]
[WhiteElo "1322"]
[BlackElo "1444"]
[PlyCount "65"]
[EventDate "2008.03.20"]
[EventType "swiss"]
[EventRounds "9"]
[EventCountry "GER"]
[SourceTitle "EXT 2010"]
[Source "ChessBase"]
[SourceDate "2010.11.25"]
[SourceVersion "1"]
[SourceVersionDate "2010.11.25"]
[SourceQuality "1"]

1. d4 Nf6 2. c4 e6 3. Nf3 c6 4. a3 d5 5. e3 Nbd7 6. Nc3 Bd6 7. cxd5 exd5 8. Bd3 0-0 9. Qc2 h6 10. h3 Nb6 11. b3 Re8 12. Bd2 Qe7 13. a4 Ne4 14. Bxe4 dxe4 15. Nh2 Bf5 16. Nf1 Bh7 17. Qa2 Bf5 18. a5 Nd7 19. d5 Nc5 20. Ng3 Nd3+ 21. Ke2 Bxg3 22. fxg3 Qd6 23. Rhf1 Bg6 24. dxc6 bxc6 25. Rad1 Qxg3 26. Be1 Qxg2+ 27. Bf2 Bh5+ 28. Kd2 Bxd1 29. Rxd1 Qxf2+ 30. Ne2 Rad8 31. Kc3 Qxe3 32. Rxd3 Rxd3+ 33. Kb4 0-1

[Event "Mecklenburg VP-ch Meister"]
[Site "Nakensdorf"]
[Date "2007.04.08"]
[Round "7.15"]
[White "Doering, Manfred"]
[Black "Moeller, Stefan"]
[Result "1/2-1/2"]
[WhiteElo "1272"]
[BlackElo "1722"]
[PlyCount "82"]
[EventDate "2007.04.05"]
[EventType "swiss"]
[EventRounds "9"]
[EventCountry "GER"]
[SourceTitle "EXT 2015"]
[Source "ChessBase"]
[SourceDate "2014.11.20"]
[SourceVersion "1"]
[SourceVersionDate "2014.11.20"]
[SourceQuality "1"]

1. e4 e5 2. Nf3 Nc6 3. Bc4 Bc5 4. d3 h6 5. Nc3 Nf6 6. h3 0-0 7. a3 d6 8. Bd2 Be6 9. Bxe6 fxe6 10. Be3 Bxe3 11. fxe3 d5 12. exd5 exd5 13. Qe2 d4 14. Ne4 Nxe4 15. dxe4 dxe3 16. Qxe3 Kh8 17. Rd1 Qe7 18. 0-0 Rad8 19. Rd5 Rd6 20. Rfd1 Rfd8 21. Qc3 Re8 22. b4 a6 23. a4 Rxd5 24. Rxd5 Qxb4 25. Qxb4 Nxb4 26. Rd7 Nxc2 27. Rxc7 Nd4 28. Rxb7 Nxf3+ 29. gxf3 Re6 30. a5 Rc6 31. Rb6 Rc2 32. Rxa6 Ra2 33. h4 h5 34. Ra8+ Kh7 35. a6 Kg6 36. a7 Kf7 37. Kf1 Kg6 38. Kg1 Kf7 39. Kf1 Kg6 40. Ke1 Kf7 41. Kf1 Kg6 1/2-1/2

[Event "Mecklenburg VP-ch Meister"]
[Site "Nakensdorf"]
[Date "2007.04.07"]
[Round "6.13"]
[White "Schwetlick, Thomas"]
[Black "Doering, Manfred"]
[Result "1-0"]
[WhiteElo "2041"]
[BlackElo "1272"]
[PlyCount "71"]
[EventDate "2007.04.05"]
[EventType "swiss"]
[EventRounds "9"]
[EventCountry "GER"]
[SourceTitle "EXT 2015"]
[Source "ChessBase"]
[SourceDate "2014.11.20"]
[SourceVersion "1"]
[SourceVersionDate "2014.11.20"]
[SourceQuality "1"]

1. e4 e5 2. Nf3 Nc6 3. Bb5 d6 4. d4 Bd7 5. Nc3 a6 6. Bc4 exd4 7. Nxd4 Be7 8. Be3 Nf6 9. Qd2 b5 10. Bd3 Rb8 11. f3 Ne5 12. 0-0 c5 13. Nf5 b4 14. Nxg7+ Kf8 15. Bh6 bxc3 16. bxc3 Kg8 17. Nf5 Bxf5 18. exf5 Nfd7 19. Qf4 f6 20. Qg3+ Kf7 21. Qg7+ Ke8 22. Qxh8+ Bf8 23. Rfe1 Qe7 24. Bxf8 Qxf8 25. Qxh7 Kd8 26. Bxa6 Nf7 27. a4 Ng5 28. Qh5 Kc7 29. f4 Nf7 30. Qf3 Rb6 31. Bb5 Nh6 32. Rab1 Nxf5 33. a5 Rxb5 34. Rxb5 Nh4 35. Qb7+ Kd8 36. Qa8+ 1-0

[Event "Mecklenburg VP LL2 West 0304"]
[Site "Mecklenburg VP"]
[Date "2004.01.18"]
[Round "5.1"]
[White "Voss, Kai"]
[Black "Doering, Manfred"]
[Result "1-0"]
[WhiteElo "1692"]
[BlackElo "1473"]
[PlyCount "57"]
[EventDate "2003.09.28"]
[EventType "team-tourn"]
[EventRounds "9"]
[EventCountry "GER"]
[SourceTitle "EXT 2022"]
[Source "ChessBase"]
[SourceDate "2021.10.06"]
[SourceVersion "1"]
[SourceVersionDate "2021.10.06"]
[SourceQuality "1"]
[WhiteTeam "Warnemuende SF Ostsee II"]
[BlackTeam "Schwerin SV Einheit III"]
[WhiteTeamCountry "GER"]
[BlackTeamCountry "GER"]

1. e4 e5 2. Nf3 Nf6 3. Nxe5 d6 4. Nf3 Nxe4 5. d3 Nf6 6. Be2 Be7 7. 0-0 0-0 8. Nc3 Bg4 9. Nd4 Qd7 10. Bg5 Bxe2 11. Qxe2 Re8 12. Rfe1 Na6 13. Qf3 c5 14. Nf5 Nb4 15. Re2 h6 16. Nxh6+ gxh6 17. Bxf6 Bxf6 18. Rxe8+ Rxe8 19. Qxf6 Nxc2 20. Rc1 Re1+ 21. Rxe1 Nxe1 22. Qxh6 Qg4 23. Kf1 Nxg2 24. Ne4 Qd1+ 25. Kxg2 Qg4+ 26. Ng3 Qd4 27. Ne4 f5 28. Qg6+ Kh8 29. Nf6 1-0